书目信息 |
| 题名: |
百年卢梭
|
|
| 作者: | 袁贺 , 谈火生 编 | |
| 分册: | ||
| 出版信息: | 长春 吉林出版集团有限责任公司 2015 |
|
| 页数: | 444页 | |
| 开本: | 23cm | |
| 丛书名: | 公共哲学与政治思想系列 | |
| 单 册: | ||
| 中图分类: | B565.26 | |
| 科图分类: | ||
| 主题词: | ||
| 电子资源: | ||
| ISBN: | 978-7-80762-795-1 | |
| 000 | 01308oam2 2200301 450 | |
| 001 | 339650 | |
| 005 | 20150608160849.25 | |
| 010 | @a978-7-80762-795-1@dCNY59.00 | |
| 100 | @a20100407d2009 em y0chiy50 ea | |
| 101 | 0 | @achi |
| 102 | @aCN@b220000 | |
| 105 | @ay z 000yy | |
| 106 | @ar | |
| 200 | 1 | @a百年卢梭@Abai nian lu suo@Abai nian lu suo@d= Jean-Jacques Rousseau: one hundred in China@e卢梭在中国@f袁贺, 谈火生编@zeng |
| 205 | @a第2版 | |
| 210 | @a长春@c吉林出版集团有限责任公司@d2015 | |
| 215 | @a444页@d23cm | |
| 225 | 2 | @a公共哲学与政治思想系列 |
| 330 | @a本书以“作为中国革命的象征性符号”和“作为契约论思想家”这样两种形象为线索, 结合“自由与公民”、“公意”、“历史阅读的视角”等专题, 收罗1914-2007年期间发表的20多篇文章。这些文章完整地再现了卢梭这位伟大的启蒙政治思想家对中国思想界的巨大影响, 勾勒了中国卢梭研究的基本轨迹。 | |
| 410 | 0 | @12001 @a公共哲学与政治思想系列 |
| 510 | 1 | @aJean-Jacques Rousseau: one hundred in China@zeng |
| 517 | 1 | @a卢梭在中国@Alu suo zai zhong guo@Alu suo zai zhong guo |
| 600 | 0 | @a卢梭@c(Rousseau, Jean Jacques@f1712-1778)@x人物研究 |
| 690 | @aB565.26@v5 | |
| 701 | 0 | @a袁贺@Ayuan he@Ayuan he@f(1975.4)@4编 |
| 701 | 0 | @a谈火生@Atan huo sheng@Atan huo sheng@f(1968.1)@4编 |
| 801 | 0 | @aCN@b卓展宏图@c20150525 |
| 905 | @dB565.26@e61=2@f4 | |
| 百年卢梭= Jean-Jacques Rousseau: one hundred in China:卢梭在中国/袁贺, 谈火生编.-第2版.-长春:吉林出版集团有限责任公司,2015 |
| 444页;23cm.-(公共哲学与政治思想系列) |
| ISBN 978-7-80762-795-1:CNY59.00 |
| 本书以“作为中国革命的象征性符号”和“作为契约论思想家”这样两种形象为线索, 结合“自由与公民”、“公意”、“历史阅读的视角”等专题, 收罗1914-2007年期间发表的20多篇文章。这些文章完整地再现了卢梭这位伟大的启蒙政治思想家对中国思想界的巨大影响, 勾勒了中国卢梭研究的基本轨迹。 |
| ● |
| 相关链接 |
|
|
|
|
正题名:百年卢梭
索取号:B565.26/61=2
 
预约/预借
| 序号 | 登录号 | 条形码 | 馆藏地/架位号 | 状态 | 备注 |
| 1 | 863505 | 208635057 | 第一样本阅览室/ [索取号:B565.26/61=2] | 在馆 | |
| 2 | 863506 | 208635066 | 第一借阅区/ [索取号:B565.26/61=2] | 在馆 | |
| 3 | 863507 | 208635075 | 第一借阅区/ [索取号:B565.26/61=2] | 在馆 | |
| 4 | 863508 | 208635084 | 第一借阅区/ [索取号:B565.26/61=2] | 在馆 |